| 000 | 00844nam a2200289 a 4500 | ||
|---|---|---|---|
| 001 | 000033908 | ||
| 005 | 20200120222220.0 | ||
| 008 | 080604s2005 sp a gr 000 0 spa d | ||
| 020 | _a842417853X | ||
| 041 | 0 | _a-spa | |
| 082 | 0 | 4 |
_a323.352 _bH17 _221 |
| 100 | 1 | _aHarrison, Jean | |
| 245 | 1 | 0 |
_aTengo derecho a ... Sentirme seguro / _cJean Harrison. |
| 250 | _a1a. ed. | ||
| 260 |
_aLeón (España) : _bEverest, _c2005. |
||
| 300 |
_a30 p. : _bil., col. |
||
| 490 | 0 | _aTengo derecho a ... | |
| 500 | _aEl ej.1 de Biblioparque Funza corresponde al 2006 | ||
| 500 | _aIncluye glosario e índice | ||
| 650 | 1 | 4 | _aDerechos del niño |
| 650 | 2 | 4 | _aDerechos civiles |
| 650 | 2 | 4 |
_aNiños _xAspectos sociales |
| 650 | 2 | 4 | _aViolencia |
| 650 | 2 | 4 | _aMaltrato infantil |
| 710 | 2 | _aSave the children | |
| 901 | _aCompra, Eliber, 2007, $18.850 | ||
| 999 |
_c1922 _d1922 |
||